Developing reading skills : (Record no. 7618)
[ view plain ]
| 000 -LEADER | |
|---|---|
| fixed length control field | 01172pam a22003251a 4500 |
| 001 - CONTROL NUMBER | |
| JCCL Control Number | 7618 |
| 003 - CONTROL NUMBER IDENTIFIER | |
| JCCL marc code | BD-JhCC |
| 005 - DATE AND TIME OF LATEST TRANSACTION | |
| control field | 20220825134021.0 |
| 008 - FIXED-LENGTH DATA ELEMENTS--GENERAL INFORMATION | |
| fixed length control field | 830524r19831981enk b 000 0 eng |
| 020 ## - INTERNATIONAL STANDARD BOOK NUMBER | |
| International Standard Book Number | 0521283647 |
| 035 ## - SYSTEM CONTROL NUMBER | |
| system control number | (BD-JhCC)7618 |
| 040 ## - CATALOGING SOURCE | |
| Original cataloging agency | DLC |
| Transcribing agency | DLC |
| Modifying agency | DLC |
| -- | BD-JhCC |
| 041 ## - LANGUAGE CODE | |
| Language code of Book | eng |
| 050 10 - LIBRARY OF CONGRESS CALL NUMBER | |
| Classification number | PE1128.A2 |
| Item number | G683 1983 |
| 082 00 - DEWEY DECIMAL CLASSIFICATION NUMBER | |
| Classification number | 428.6/4 |
| DDC Edition number | 19 |
| Author mark and Year | GRE 1983 |
| 100 1# - MAIN ENTRY--PERSONAL NAME | |
| Personal name | Grellet, Françoise. |
| 245 10 - TITLE STATEMENT | |
| Title | Developing reading skills : |
| Remainder of title | a practical guide to reading comprehension exercises / |
| Statement of responsibility, etc | Françoise Grellet. |
| 260 ## - PUBLICATION, DISTRIBUTION, ETC. (IMPRINT) | |
| Place of publication, distribution, etc | Cambridge [Cambridgeshire] ; |
| -- | New York : |
| Name of publisher, distributor, etc | Cambridge University Press, |
| Date of publication, distribution, etc | 1983, c1981. |
| 300 ## - PHYSICAL DESCRIPTION | |
| Pagination | p. cm. |
| 440 #0 - | |
| Title | New directions in language teaching |
| 500 ## - GENERAL NOTE | |
| General note | Cataloging based on CIP information. |
| 500 ## - GENERAL NOTE | |
| General note | Originally published in 1981. |
| 504 ## - BIBLIOGRAPHY, ETC. NOTE | |
| Bibliography, etc | Bibliography: p. |
| 650 #0 - SUBJECT ADDED ENTRY--TOPICAL TERM | |
| Topical term or geographic name as entry element | English language |
| General subdivision | Study and teaching |
| -- | Foreign speakers. |
| 650 #0 - SUBJECT ADDED ENTRY--TOPICAL TERM | |
| Topical term or geographic name as entry element | Reading comprehension. |
| 856 42 - ELECTRONIC LOCATION AND ACCESS | |
| Materials specified | Publisher description |
| Uniform Resource Identifier | http://www.loc.gov/catdir/description/cam022/80042040.html |
| 856 41 - ELECTRONIC LOCATION AND ACCESS | |
| Materials specified | Table of contents |
| Uniform Resource Identifier | http://www.loc.gov/catdir/toc/cam026/80042040.html |
| 942 ## - ADDED ENTRY ELEMENTS (KOHA) | |
| Source of classification or shelving scheme | Dewey Decimal Classification |
| Koha item type | Books |
| Koha issues (borrowed), all copies | 1 |
| Source of classification or shelving scheme | Damaged status | Not for loan | Home library | Current library | Shelving location | Total Checkouts | Full call number | Barcode | Date last seen | Date checked out | Copy number | Koha item type |
|---|---|---|---|---|---|---|---|---|---|---|---|---|
| Dewey Decimal Classification | JCC Rouf Library | JCC Rouf Library | General Stacks | 1 | 428.6/4 GRE 1983 | 1148 | 10/24/2022 | 08/24/2022 | C - 1 | Books |